Za našu tlač časopis ZO KSS, masových organizácií a riaditeľstva Poštového novinového úradu v Bratislave

Bibliographic Details
Corporate Author: Poštový novinový úrad (Bratislava) (Publisher)
Other Authors: Ster, Jakub (Publishing director), Kavan, Eugen (Publishing director)
Format: Journal
Language:Slovak
PhysicalDescription:4 čís. 30 x 21 cm
Published: Bratislava ZO KSS, ZS ROH a riaditeľstvo Poštového novinového úradu 1954
Subjects:

MARC

LEADER 00000nas a22000001a 4500
001 vtls010302572
003 SK-MaSNL
005 20260228163140.0
008 110810d19541954xo mr p r 0 b0slo
015 |a SNBDS17XX9999 
015 |a 1896  |2 Balúnová 1945-60 
038 |a SNKBUDS 
040 |a SNK  |b slo  |c SNK  |e AACR2 
041 0 |a slo 
044 |a xo  |c SK 
080 |a 070  |2 2001 
080 |a 070.489  |2 2001 
245 0 0 |a Za našu tlač  |b časopis ZO KSS, masových organizácií a riaditeľstva Poštového novinového úradu v Bratislave 
260 |a Bratislava  |b ZO KSS, ZS ROH a riaditeľstvo Poštového novinového úradu  |c 1954 
300 |a 4 čís.  |c 30 x 21 cm 
310 |a 1x mesačne 
362 0 |a Č. 1 (apríl 1954)- č. 3-4 (aug. 1954) 
500 |a Vych. v Bratislave mesačne 
500 |a Za obsah zodp. Eugen Kavan, od 3/1954 (aug. 1954) Jakub Ster 
500 |a Vyd. ZO KSS, ZS ROH a riaditeľstvo Poštového novinového úradu 
500 |a Tlač. rozmnož. rotaprintom PNÚ 
500 |a Vych. od apr. 1954 (po prevzatí distribúcie tlače Poštovým novinovým úradom). Pov. PK, č. 9-793/54-II z 23. marca 1954. Posl. dvojč. 3-4 z aug. 1954 
505 8 0 |g Roč. 1954 4 č. po 8-11 s. 
610 2 7 |a Poštový novinový úrad Bratislava  |2 SNKBUDS  |9 273187 
650 0 7 |a žurnalistika  |2 SNKPH  |9 951 
655 7 |a podnikové časopisy  |2 SNKBUDS  |9 265225 
700 1 |a Ster, Jakub  |4 pbd  |9 273188 
700 1 |a Kavan, Eugen  |4 pbd  |9 273189 
710 2 |a Poštový novinový úrad (Bratislava)  |e vydav.  |9 273187 
852 |a SNK  |b 10000  |h ČSB 1859 
852 |a UKB  |b 300000  |h SB 5399 
852 |a UKB  |b 300000  |h 20 B 2882 
999 |c 8941  |d 10871